| 000 | 00552nam a2200145Ia 4500 | ||
|---|---|---|---|
| 008 | 100204s9999 xx 000 0 und d | ||
| 082 | _b11779 | ||
| 100 | _aसिनकर श्रीकांत | ||
| 245 | _aगुन्हेगारांच्या किमया | ||
| 260 |
_b"मनोरमा प्रकाशन , मुंबई" _c1985 |
||
| 300 | _a215 | ||
| 630 | _aगुन्हेगारांच्या किमया | ||
| 730 | _aगुन्हेगारांच्या किमया | ||
| 942 | _cBOOK | ||
| 999 |
_c456191 _d456188 |
||